000 00513nam a2200205Ia 4500
003 OSt
005 20140311163110.0
008 140130s9999 xx 000 0 und d
020 _a0590508342
050 _aPZ 7
_b.C689 1996
100 _aKrulik, Nancy
_930844
245 _aButterfly and the bog beast /
_cNancy Krulik.
260 _bScholastic,
_c1996.
_aNew York :
300 _bcol. ill. ;
_c18 cm.
440 _v1
_930845
521 _aG3
526 _c500
942 _cBK-SCHOLAS
_2lcc
999 _c40544
_d40544